Truncated Footballer Quiz - Statistics

General Stats
  • This quiz has been taken 9 times
  • The average score is 13 of 27
Answer Stats
Hint Player % Correct
_cost_ Acosta
86%
_esmon_ Desmond
86%
_iamon_ Diamond
71%
_card_ Icardi
71%
_ainggola_ Nainggolan
71%
_anto_ Santos
71%
_okrati_ Sokratis
71%
_tanisla_ Stanislas
71%
_lab_ Alaba
57%
_lb_ Alba
57%
_olodziejcza_ Kolodziejczak
57%
_ritsyu_ Kritsyuk
57%
_atha_ Nathan
57%
_oare_ Soares
57%
_tamatopoulo_ Stamatopoulos
57%
_vetinovi_ Cvetinovic
43%
_kamot_ Okamoto
43%
_kub_ Okubo
43%
_assilje_ Vassiljev
43%
_spurnin_ Gspurning
29%
_acopon_ Iacoponi
29%
_j_ Ojo
29%
_emme_ Remmer
29%
_ai_ Tait
29%
_ey_ Seys
14%
_eubac_ Heubach
0%
_wanam_ Iwanami
0%
No matching quizzes found
Score Distribution
Percent of People with Each Score
Percentile by Number Answered
Your Score History
You have not taken this quiz